000 00489nam a2200157Ia 4500
008 220216s9999 xx 000 0 und d
100 _aYogaratnam N
245 0 _aProcessing of NR and some developments in rubber chemistry and technology in Sri Lanka
260 _bBulletin of the Rubber Research Institute of Sri Lanka
_c1998
300 _a52-61
700 _aSamarappuli I N
700 _aSilva K G Karnika
700 _aSiriwardena S
700 _aTillekeratne L M K
942 _cJS
999 _c65787
_d65787